000 00667nam a2200241 a 4500
999 _c4400
_d4400
001 4400
003 BD-JhCC
005 20171126210333.0
008 171126r19551946enk |||| |||| 000 0 eng d
035 _a(BD-JhCC)4400
040 _aBD-JhCC
_dBD-JhCC
041 _aeng
082 _a821.1
_bERN 1955
100 _aSelincourt, Ernest De
245 _aLandor :
_bPoetry & Prose /
_cErnest De Sellincourt, Walter Raleing, & Oliver Elton
260 _aLondon :
_bOxford University Press,
_c1946 [Reprinted 1955]
300 _axx, 185 p. :
_c18 cm.
650 _aPoetry
700 _aRaleing, Walter
700 _aElton, Oliver
942 _2ddc
_cBK